1035 1537 1996 1333 1467 1257 1061 1237 1879 1344 1508 1706 1558 1980 1467 1816 1031 1352 1918 1412 1030 1438 1068 1144 1032 1626 1256 1815 1125 1056 1308 1095 1224 1366 1132 1527 1447 1255 1641 1463 1889 1213 1421 1960 1822 1138 1889 1470 1681 1254 1614 1978 1748 1577 1634 1061 1128 1668 1301 1095 1643 1253 1466 1644 1559 1961 1680 1234 1170 1816 1850 1327 1151 1528 1622 1576 1856 1796 1552 1468 1338 1284 1366 1446 1328 1341 1138 1156 1663 1742 1307 1549 1146 1484 1785 1809 1380 1141 1610 BCNSPRNW ULIB Ver.6.0+V

เปลี่ยนเป็นภาษาไทย

Change to English
 แสดงรายละเอียดบรรณานุกรม
  กลับหน้าหลัก

Brief Record : Get Marc (ISO 2709) : E-mail record : QR code < ปิดหน้าต่าง
LEADER : 00000nam 2200000uu 4500
001    13399113621
003     ULIB
008    111124s2551||||th 000 0 tha d
020    ^a9789740627654
090    ^aนว.^bช574ว 2551
100 0  ^aชิโนทัย
245 00 ^aวุ่นรักยกกำลังสอง/^cชิโนทัย
250    ^aพิมพ์ครั้งที่ 1
260    ^aกรุงเทพฯ :^bศรีสยาม,^c2551
300    ^a228 หน้า
710 1  ^aศรีสยาม
945    ^p140^l0^i15308
995    ^aทศพร
999    ^aใช้งานได้ทุกระบบ
รายการนี้ยังไม่มีแท็ก
คุณยังไม่ได้ล็อกอิน คุณสามารถมีกิจกรรมร่วมกับเว็บไซต์ได้ แต่ต้องล็อกอินก่อน ::
  ล็อกอิน

รายการสื่อสารสนเทศ

ลำดับที่ ประเภท เลขเรียก/บาร์โค้ด สถานที่ สถานะ
1. นวนิยาย
นวนิยาย
นว. ช574ว 2551 ฉ.1 
  Barcode: 15308
ห้องสมุดวิทยาเขตสวรรค์ประชารักษ์
►นวนิยาย
บนชั้น
  ขอยืม

BibComment


ยังไม่เคยถูกคอมเมนท์

คอมเมนท์ทรัพยากรรายการนี้
  คอมเมนท์: วุ่นรักยกกำลังสอ..


 Copyright 2026. Bcnsprnw @Library